<?xml version="1.0" encoding="UTF-8"?>
<collection xmlns="http://www.loc.gov/MARC21/slim">
  <record>
    <leader>00000nam  2200000   4500</leader>
    <controlfield tag="001">INLIS000000000017860</controlfield>
    <controlfield tag="005">20240902094943</controlfield>
    <datafield tag="035" ind1="#" ind2="#">
      <subfield code="a">0010-0824000481</subfield>
    </datafield>
    <controlfield tag="007">ta</controlfield>
    <controlfield tag="008">240902################|##########|#|##</controlfield>
    <datafield tag="100" ind1=" " ind2="#">
      <subfield code="a">Syarif Monti</subfield>
    </datafield>
    <datafield tag="245" ind1="1" ind2="#">
      <subfield code="a">Simplikasi Tata Kelola Hibah Dan Bantuan Sosial :</subfield>
      <subfield code="b">Sistim Informasi Hibah Dan Bantuan Sosial ( Si Abas )</subfield>
    </datafield>
    <datafield tag="250" ind1="#" ind2="#">
      <subfield code="a">1</subfield>
    </datafield>
    <datafield tag="260" ind1="#" ind2="#">
      <subfield code="a">Makassar :</subfield>
      <subfield code="b">Puslatbang KMP,</subfield>
      <subfield code="c">2022</subfield>
    </datafield>
    <datafield tag="300" ind1="#" ind2="#">
      <subfield code="a">24 halaman :</subfield>
      <subfield code="b">ilustrasi ;</subfield>
      <subfield code="c">30</subfield>
    </datafield>
    <datafield tag="500" ind1="#" ind2="#">
      <subfield code="a">Coach : Andi Salviah, S.IP.MM Penguji : Dr.H. Muttaqin, MBA Mentor : Uteng Datunsolang, S.Pd., M,Si</subfield>
    </datafield>
    <datafield tag="650" ind1="#" ind2="4">
      <subfield code="a">Proyek Perubahan</subfield>
    </datafield>
    <datafield tag="650" ind1="#" ind2="4">
      <subfield code="a">Administrator</subfield>
    </datafield>
    <datafield tag="650" ind1="#" ind2="4">
      <subfield code="a">Inovasi Pemerintahan</subfield>
    </datafield>
    <datafield tag="650" ind1="#" ind2="4">
      <subfield code="a">Peningkatan Pelayanan</subfield>
    </datafield>
    <datafield tag="650" ind1="#" ind2="4">
      <subfield code="a">Bantuan Sosial</subfield>
    </datafield>
    <datafield tag="856" ind1="#" ind2="#">
      <subfield code="a">Perpustakaan Puslatbang KMP Makassar</subfield>
    </datafield>
  </record>
</collection>
